Predicting the low-temperature resistance of rubber sealing gaskets using time-temperature analogy (Record no. 65463)

MARC details
000 -LEADER
fixed length control field 00400nam a2200121Ia 4500
100 ## - MAIN ENTRY--AUTHOR NAME
Personal name Sleptsova M I
245 #0 - TITLE STATEMENT
Title Predicting the low-temperature resistance of rubber sealing gaskets using time-temperature analogy
260 ## - PUBLICATION, DISTRIBUTION, ETC. (IMPRINT)
Name of publisher International Polymer Science and Technology
Year of publication 2004
300 ## - PHYSICAL DESCRIPTION
Number of Pages 67-69
650 ## - SUBJECT ADDED ENTRY--TOPICAL TERM
Topical Term Rubber sealing gaskets
942 ## - ADDED ENTRY ELEMENTS (KOHA)
Koha item type Journals
Holdings
Withdrawn status Lost status Damaged status Not for loan Home library Current library Shelving location Date acquired Serial Enumeration / chronology Koha item type
      Journals RRII Library RRII Library Rubber chemistry 17/12/2021 Volume 31, Issue 7 Journals